| 000 | 02077nam a22004337a 4500 | ||
|---|---|---|---|
| 001 | 31 | ||
| 003 | FISKH | ||
| 005 | 20260403161447.0 | ||
| 008 | 230220b cb ||||| |||| 00| 0 eng d | ||
| 020 | _a059048818X | ||
| 040 |
_aYDXCP _beng _cYDXCP _erda _dBTCTA _dBDX _dOCLCQ _dJBL _dOCLCO _dZGY _dILC _dNDS _dNYP _dDLC _dFISKH _erda |
||
| 042 | _alccopycat | ||
| 050 | 0 | 0 |
_aPZ7 _b.W6461 Lit 2017 |
| 082 | 0 | 4 | _a813.52 |
| 100 | 1 |
_aWilder, Laura Ingalls, _d1867-1957, _eauthor. |
|
| 245 | 1 | 0 |
_aLittle house on the prairie / _cLaura Ingalls Wilder. |
| 250 | _aNewly illustrated, uniform edition printed 1953 | ||
| 264 | 1 |
_aNew York _bScholastic _c1963 |
|
| 300 |
_a335 pages _c20 cm. |
||
| 490 | 0 |
_aLittle House on the Prairie _vvolume 2 |
|
| 520 | _aWhen Laura Ingalls and her family leave their little house in the Big Woods of Wisconsin, they head west for the open prairie skies of Kansas Territory. They travel for many days in their covered wagon until they find the perfect spot for Pa to build them a new home. Soon they are planting and plowing, hunting wild ducks and turkeys, and gathering grass for their cows. But just when they begin to feel settled, they are caught in the middle of a dangerous conflict. | ||
| 521 | 1 |
_a760 _bLexile |
|
| 521 | 1 |
_a T _bRaz-Paz |
|
| 600 | 1 | 0 |
_aWilder, Laura Ingalls, _d1867-1957 _vJuvenile fiction. |
| 600 | 1 | 1 |
_aWilder, Laura Ingalls, _d1867-1957 _xChildhood and youth _vFiction. |
| 650 | 0 |
_aFrontier and pioneer life _zGreat Plains _vJuvenile fiction. |
|
| 650 | 0 |
_aFamilies _zGreat Plains _vJuvenile fiction. |
|
| 650 | 0 |
_aFrontier and pioneer life _vJuvenile fiction. |
|
| 650 | 1 |
_aFrontier and pioneer life _zGreat Plains _vFiction. |
|
| 650 | 1 |
_aFamily life _zGreat Plains _vFiction. |
|
| 650 | 1 |
_aFrontier and pioneer life _vFiction. |
|
| 651 | 0 |
_aKansas _vJuvenile fiction. |
|
| 651 | 0 |
_aGreat Plains _vJuvenile fiction. |
|
| 651 | 1 |
_aKansas _vFiction. |
|
| 651 | 1 |
_aGreat Plains _vFiction. |
|
| 700 | 1 |
_aMacLachlan, Patricia, _eauthor of introduction, etc. |
|
| 906 |
_a7 _bcbc _ccopycat _d2 _eepcn _f20 _gy-gencatlg |
||
| 942 |
_2lcc _cBK _n0 |
||
| 999 |
_c31 _d31 |
||